000 00343nam a2200145Ia 4500
008 191201s2011 xx 000 0 und d
082 _a658.5
_bBHO
100 _aBHATTACHARYYA,Deepak.Kumar
245 0 _aOrganizational Behavior
250 _a4th IMP
260 _aN. Delhi
_bOxford
_c2011
300 _a628
650 _aMBA
942 _2ddc
_cBK
999 _c5146
_d5146